KERANA DENDAM /
Kerana marah dan dendam, Adam meninggalkan Azalea seusai akad nikah mereka. Tiga tahun dia menghilangkan diri tanpa khabar berita. Selama tiga tahun itu jugalah Azalea menunggu kepulangan Adam. Bukan untuk kembali ke pangkuannya, tetapi inginkan kebebasan selepas Adam menghancurkan hidupnya sepertim...
Saved in:
| Main Author: | |
|---|---|
| Format: | Book |
| Language: | Malay |
| Published: |
Bandar Puncak Alam, Selangor :
Prolog Media,
2025
|
| Subjects: | |
| Tags: |
Add Tag
No Tags, Be the first to tag this record!
|
| Call Number : | PL 5139.D334 |
MARC
| LEADER | 00000nam a2200000 c 4500 | ||
|---|---|---|---|
| 001 | 107389 | ||
| 003 | MY-KlNDU | ||
| 005 | 20250922163814.0 | ||
| 006 | a|||| |||| 000 f | ||
| 007 | ta | ||
| 008 | 250922s2025 my 000 f may d | ||
| 020 | |a 9786297587158 (pbk) | ||
| 040 | |a MY-KlNDU |b eng |c MY-KlNDU |e rda | ||
| 050 | 0 | 0 | |a PL 5139.D334 |
| 090 | |a PL 5139.D334 |b KER 2025 | ||
| 100 | 0 | |a D.Dahlia, |e author | |
| 245 | 1 | 0 | |a KERANA DENDAM / |c D.DAHLIA |
| 264 | 1 | |a Bandar Puncak Alam, Selangor : |b Prolog Media, |c 2025 | |
| 300 | |a 936 pages ; |c 20 cm | ||
| 336 | |a text |2 rdacontent | ||
| 337 | |a unmediated |2 rdamedia | ||
| 338 | |a volume |2 rdacarrier | ||
| 520 | |a Kerana marah dan dendam, Adam meninggalkan Azalea seusai akad nikah mereka. Tiga tahun dia menghilangkan diri tanpa khabar berita. Selama tiga tahun itu jugalah Azalea menunggu kepulangan Adam. Bukan untuk kembali ke pangkuannya, tetapi inginkan kebebasan selepas Adam menghancurkan hidupnya sepertimana yang diucapkan. Dan … Adam kembali semula selepas tiga tahun bersama rancangannya untuk membalas dendam terhadap Azalea. Tetapi belum sempat rancangan dilaksanakan, petunjuk demi petunjuk datang kepadanya dan membawa dia kepada satu per satu rahsia yang secara tidak langsung melibatkan Azalea. | ||
| 650 | 0 | |a Malay fiction | |
| 650 | 0 | |a Malaysian fiction (Malay) | |
| 942 | |c 28 |2 lcc | ||
| 999 | |c 107389 |d 107389 | ||


